000 01300nam a2200349 a 4500
001 000112369
003 CHAP
005 20220329144300.0
008 160307s2016 mx a |sm |||||||spa d
010 _a108830
011 _a109802
040 _cCHAP
090 _aTesis
100 1 _aAguilar Pérez, Fernando de Jesús
_9130615
245 1 0 _aCaracterización de la eficiencia de un calentador solar plano bajo el efecto termosifón y circulación forzada
_h[En línea]
_cpor Fernando de Jesús Aguilar Pérez y Gamaliel Cabrera Galván.
260 _aChapingo, Méx. :
_bEl autor,
_c2016.
500 _aPara ver el contenido del material haga clic en la liga
502 _aTesis (Ingeniero Mecanico Agrícola) -- UACH. Departamento de Ingeniería Mecánica Agrícola
590 _aBATCH
_b00
_c20181121
_lUCH01
_h0758
590 _aE5652GLJ
_b05
_c20160307
_lUCH01
_h1002
590 _aE5652GLJ
_b05
_c20160307
_lUCH01
_h1002
650 1 4 _aCalentadores.
_917469
650 1 4 _aColectores solares.
_925051
650 1 4 _aEnergía solar.
_936911
650 1 4 _aRadiación solar.
_993678
700 1 _aCabrera Galván, Gamaliel
_9130616
856 _a1
_n0000102
856 _aFinding aid
_uhttp://10.13.5.2/tesis/sist112369.pdf
_zTeclea aquí
901 _aBK
942 _cTESIS
942 _n0
999 _c108830
_d108830